Normal view
MARC view
- International Conference on Waste Management and the Environment
Entry Meeting Name
001 - CONTROL NUMBER
- control field: 6374
003 - CONTROL NUMBER IDENTIFIER
- control field: NUST
005 - DATE AND TIME OF LATEST TRANSACTION
- control field: 20171115104650.0
008 - FIXED-LENGTH DATA ELEMENTS
- fixed length control field: 171115|| aca||aabn | a|a d
040 ## - CATALOGING SOURCE
- Original cataloging agency: NUST
- Transcribing agency: NUST
111 ## - HEADING--MEETING NAME
- Meeting name or jurisdiction name as entry element: International Conference on Waste Management and the Environment
- Number of part/section/meeting: (2nd :
- Date of meeting: 2004 :
- Location of meeting: Rhodes, Greece)
670 ## - SOURCE DATA FOUND
- Source citation: Work cat.: (NUST)0: International Conference on Waste Management and the Environment (2nd : 2004 : Rhodes, Greece), Waste management and the environment II /, c2004.
